000 01263nam a22003857a 4500
999 _c20532
_d20532
005 20191029114905.0
008 191029b xxu||||| |||| 00| 0 spa d
020 _a9788968112904
040 _aCO-BoIAVH
_cCO-BoIAVH
041 _aeng
044 _ako
082 _a333.9507
_bL51b
100 1 _aLee, Woo-Shin
245 _aBiodiversity of Lao PDR -
_bPhou Khao Khouay & Phosabous National Protected Area.
260 _aIncheon:
_bNational Institute of Biological Resources,
_c2017.
300 _a512 Páginas:
_bfotografías,
_c22 x 15 cm.
650 0 _aCatálogo especies
650 0 _aBiodiversidad biológica.
650 0 _aÁreas naturales protegidas
700 _aBaek, Woonsuk
700 _aKim, Dong-Gu
700 _aOh, Kyung-Hee
700 _aKang, Jae-Shin
700 _aLee, Jaeho
700 _aJeon, Mi-Jeong
700 _aHyun, Changwoo
700 _aOh, Sunhye
700 _aShin, Ayoung
700 _aPark, Yujin
700 _aPhanthavong, Bouaphanh
700 _aBouavong, Sangvane
700 _aSingsavanh, Saly
700 _aSounyvong, Bounthan
942 _2ddc
_cLIBRO